000 00678nam a2200205 i 4500
001 68400
003 ES-MaACL
005 20250528063008.0
007 t|
008 040628d19201929sp ||||1| spa d
100 1 _aGarcía Pérez, Antonio,
_d1874-1950
_955441
245 1 0 _aCampo florido /
_cTeniente coronel García Pérez.
260 _aToledo :
_b[s.n.,
_c192-?] (
_fImp. Col. Mª Cristina)
300 _a84 p. ;
_c20 cm.
650 4 _aPatriotismo-
_zEspaña.
_9148636
650 4 _aPatriotismo-
_xCitas.
_9148637
651 4 _aEspaña-
_xHistoria militar.
_9144916
852 _aES-MaACL
_j1665-F-11
_z.- Dedicatoria manuscrita del autor
999 _c68400
_d68400